header

Designing professional development in literacy (Record no. 220235)

MARC details
000 -LEADER
fixed length control field 01956nam a2200421 a 4500
082 04 - DEWEY DECIMAL CLASSIFICATION NUMBER
Classification number 372.41
100 1# - MAIN ENTRY--AUTHOR NAME
Personal name Rosemary, Catherine A.
245 10 - TITLE STATEMENT
Title Designing professional development in literacy
260 ## - PUBLICATION, DISTRIBUTION, ETC. (IMPRINT)
Place of publication New York :
Name of publisher Guilford Press,
Year of publication c2007.
300 ## - PHYSICAL DESCRIPTION
Number of Pages xii, 180 p. :
Other physical details ill.
490 1# - SERIES STATEMENT
Series statement Solving problems in the teaching of literacy
505 0# - FORMATTED CONTENTS NOTE
Formatted contents note Tenets -- Foundations -- Organization -- Implementation -- Professional development into practice -- Coaching to improve practice -- Accountability and other practical matters -- Research on the model.
650 #0 - SUBJECT ADDED ENTRY--TOPICAL TERM
Topical Term Language arts (Primary)
Topical Term Reading (Primary)
Topical Term Effective teaching
700 1# - ADDED ENTRY--PERSONAL NAME
Personal name Roskos, Kathy.
Personal name Landreth, Leslie K.
856 40 - ELECTRONIC LOCATION AND ACCESS
Uniform Resource Identifier http://site.ebrary.com/lib/rucke/Doc?id=10201020

No items available.

© 2026 Rongo University
Contact us: librarian | system librarian | Rongo university